MARC details
| 000 -BAŞLIK |
| Sabit Uzunlukta Kontrol Alanı |
01663na a2200421 4500 |
| 001 - KONTROL NUMARASI |
| Denetim Alanı |
23349 |
| 003 - KONTROL NUMARASI IDENTIFIER |
| Denetim Alanı |
MIRAKIL |
| 005 - SON İŞLEM TARİHİ VE ZAMANI |
| Denetim Alanı |
20181213155048.0 |
| 008 - SABİT-BOY VERİ ELEMANLARI - GENEL BİLGİLER |
| Sabit Uzunlukta Kontrol Alanı |
170912b tu 000 0 |
| 020 ## - ULUSLARARASI STANDART KİTAP NUMARASI |
| Uluslararası Standart Kitap Numarası |
9789753477246 |
| 035 ## - SİSTEM KONTROL NUMARASI |
| Sistem Kontrol Numarası |
17115 |
| 040 ## - KATALOGLAMA KAYNAK |
| Orijinal Kataloglama Ajansı |
Milas |
| Kataloglama Dili |
tur |
| Metne Dönüştürmek Ajansı |
TR-AnCHP |
| 041 ## - DİL KODU |
| Metin / Ses Parça Veya Ayrı Başlığın Dil Kodu |
tur |
| 082 ## - DEWEY ONLU SINIFLANDIRMA NUMARASI |
| Sınıflandırma Numarası |
341.242 |
| Ürün Numarası |
B54t 2004 |
| 090 ## - SINIFLAMA NUMARASI |
| Sınıflama Numarası |
341.242 B54t 2004 |
| 100 ## - ANA GİRİŞ - KİŞİSEL İSİM |
| Kişisel Ad |
Bilici, Nurettin |
| 245 ## - BAŞLIK TABLOSU |
| Başlık |
Türkiye- Avrupa Birliği ilişkileri |
| Başlığın Kalan |
(Genel bilgiler, iktisadi-mali konular, vergilendirme) |
| Sorumluluk Tablosu, Vb |
Nurettin Bilici |
| 246 ## - UNVAN FORM VARYING |
| Başlık Doğru / Kısa Başlığı |
Dolaysız vergiler uyumlaştırması |
| 246 ## - UNVAN FORM VARYING |
| Başlık Doğru / Kısa Başlığı |
Özel tüketim vergisi uyumlaştırması |
| 246 ## - UNVAN FORM VARYING |
| Başlık Doğru / Kısa Başlığı |
Katma değer vergisi uyumlaştırması |
| 246 ## - UNVAN FORM VARYING |
| Başlık Doğru / Kısa Başlığı |
Vergi uyumlaştırması: prensipler, teşvikler |
| 246 ## - UNVAN FORM VARYING |
| Başlık Doğru / Kısa Başlığı |
Ekonomik ve parasal birlik, mali yardımlar |
| 246 ## - UNVAN FORM VARYING |
| Başlık Doğru / Kısa Başlığı |
Tarihçe,antlaşmalar, Avrupa Birliği kurumları,genişleme |
| 260 ## - YAYIN, DAĞITIM, VB |
| Yayın, Dağıtım, Vb Yeri |
Ankara |
| Yayıncı, Dağıtıcı, Vs Adı |
Seçkin Yayınevi |
| Yayın, Dağıtım, Vb Tarihi |
2004 |
| Üretici Firma |
Sözkesen matbaacılık |
| 300 ## - FİZİKSEL TANIM |
| Kapsam |
272 s. |
| Diğer Fiziksel Ayrıntıları |
tbl. |
| Boyutlar |
23 sm. |
| 500 ## - GENEL NOT |
| Genel Not |
Yapıt yazarından imzalıdır. |
| 504 ## - KAYNAKÇA VB NOT |
| Kaynakça Vb Notu |
Kaynakça ve dizin var. |
| 650 ## - KONU KATMA GİRİŞ - TOPİKAL DÖNEM |
| Topikal Süreli Veya Coğrafi Ad Giriş Elemanı |
Uluslararası ilişkiler |
| Genel Alt Bölümü |
Avrupa Birliği |
| Coğrafi Alt Bölümü |
Türkiye |
| 650 ## - KONU KATMA GİRİŞ - TOPİKAL DÖNEM |
| Topikal Süreli Veya Coğrafi Ad Giriş Elemanı |
Uluslararası anlaşmalar |
| Genel Alt Bölümü |
Avrupa Birliği |
| Coğrafi Alt Bölümü |
Türkiye |
| 650 ## - KONU KATMA GİRİŞ - TOPİKAL DÖNEM |
| Topikal Süreli Veya Coğrafi Ad Giriş Elemanı |
Uluslararası hukuk |
| Genel Alt Bölümü |
Avrupa Birliği |
| Coğrafi Alt Bölümü |
Türkiye |
| 740 ## - KATMA GİRİŞ - KONTROLSUZ İLGİLİ / ANALİTİK BAŞLIK |
| Kontrol Edilmeyen / İlgili Analitik Başlıktaki |
Dolaysız vergiler uyumlaştırması |
| 740 ## - KATMA GİRİŞ - KONTROLSUZ İLGİLİ / ANALİTİK BAŞLIK |
| Kontrol Edilmeyen / İlgili Analitik Başlıktaki |
Özel tüketim vergisi uyumlaştırması |
| 740 ## - KATMA GİRİŞ - KONTROLSUZ İLGİLİ / ANALİTİK BAŞLIK |
| Kontrol Edilmeyen / İlgili Analitik Başlıktaki |
Katma değer vergisi uyumlaştırması |
| 740 ## - KATMA GİRİŞ - KONTROLSUZ İLGİLİ / ANALİTİK BAŞLIK |
| Kontrol Edilmeyen / İlgili Analitik Başlıktaki |
vergi uyumlaştırması: prensipler, teşvikler |
| 740 ## - KATMA GİRİŞ - KONTROLSUZ İLGİLİ / ANALİTİK BAŞLIK |
| Kontrol Edilmeyen / İlgili Analitik Başlıktaki |
Ekonomik ve parasal birlik, mali konular |
| 740 ## - KATMA GİRİŞ - KONTROLSUZ İLGİLİ / ANALİTİK BAŞLIK |
| Kontrol Edilmeyen / İlgili Analitik Başlıktaki |
Tarihçe,antlaşmalar, Avrupa Birliği kurumları,genişleme |
| 942 ## - EKLENDİ GİRİŞ ELEMANLARI (KOHA) |
| Sınıflandırma Veya Raf Düzeni Kaynak |
Dewey Decimal Classification |
| Koha Öğesi Türü |
Books |
| 999 ## - SİSTEM KONTROL NUMARALARI (KOHA) |
| Koha Biblionumber |
5839 |
| Koha Biblioitemnumber |
5839 |